|
|
|
|
| LEADER |
01145aam a22003498a 4500 |
| 001 |
000018171 |
| 003 |
14598 |
| 005 |
20130913100933.0 |
| 008 |
130913s2012 viesd |
| 020 |
|
|
|d 2000b
|
| 041 |
0 |
|
|a vie
|
| 082 |
1 |
4 |
|2 14
|a 370.15
|b Xây
|
| 245 |
1 |
0 |
|a Xây dựng trường học thân thiện và những tình huống ứng xử
|
| 260 |
|
|
|a H.
|b Văn họcVăn hoá dân tộc
|c 2012
|
| 300 |
|
|
|a 199 tr.
|b ảnh
|c 24 cm.
|
| 650 |
0 |
4 |
|a Giáo dục
|z Việt Nam
|
| 650 |
|
7 |
|2 Bộ TK TVQG
|
| 650 |
|
7 |
|2 Bộ TK TVQG
|
| 650 |
|
7 |
|2 Bộ TKTVQG
|
| 651 |
|
7 |
|2 Bộ TK TVQG
|a Việt Nam
|
| 653 |
|
|
|a Tình huống ứng xử
|
| 653 |
|
|
|a Trường học thân thiện
|
| OWN |
|
|
|a LSP
|
| AVA |
|
|
|a UDN50
|b LSP
|d 370.15 Xây
|e check_holdings
|t Error 5003 Not defined in file expand_doc_bib_avail.
|h N
|k 1
|
| 999 |
|
|
|a From the UDN01
|
| AVA |
|
|
|a UDN50
|b LSP
|d 370.15 Xây
|e available
|t Error 5001 Not defined in file expand_doc_bib_avail.
|f 27
|g 1
|h N
|i 3
|k 1
|
| TYP |
|
|
|a Monograph
|
| TYP |
|
|
|a Printed language
|
| 980 |
|
|
|a Mạng thư viện Đại học Đà Nẵng
|